000
00285nam a22001337a 4500
008
170818b xxu||||| |||| 00| 0 eng d
020
_a
9781118952917
041
_a
eng
080
_a
51
100
_a
37
101
_a
MAT
245
_a
APPLIED CALCULUS
_c
WILLEY.P
942
_2
udc
_c
BK
999
_c
24088
_d
24088